00465nam a2200157Ia 4500008004100000020001800041082001400059100002200073245008100095250000700176260003400183300002300217500001900240600003300259650001500292240925s9999 xx 000 0 und d a9780743468596 a158.1 COV aCovey, Stephen R. 0aFirst Things First: coping with the ever-increasing demands of the workplace aNA aLondon:bPocket Booksc,1994. a297p.b0fOriginal aIncludes Index aHumanities & Natural Science aPsychology